Human Rights and International Labour Standards / (Record no. 4852)

MARC details
000 -LEADER
fixed length control field 00702cam a2200217u 4500
003 - CONTROL NUMBER IDENTIFIER
control field OSt
005 - DATE AND TIME OF LATEST TRANSACTION
control field 20171025194024.0
008 - FIXED-LENGTH DATA ELEMENTS--GENERAL INFORMATION
fixed length control field 850226s1960 enk 000 0 eng
010 ## - LIBRARY OF CONGRESS CONTROL NUMBER
LC control number 60010872
040 ## - CATALOGING SOURCE
Original cataloging agency DDC
Transcribing agency CarP
Modifying agency DDC
082 ## - DEWEY DECIMAL CLASSIFICATION NUMBER
Classification number 341.481
Edition number 22
Item number JEN
100 1# - MAIN ENTRY--PERSONAL NAME
Personal name Jenks, C. Wilfred.
Fuller form of name (Clarence Wilfred),
Dates associated with a name 1909-1973.
9 (RLIN) 5926
245 10 - TITLE STATEMENT
Title Human Rights and International Labour Standards /
Statement of responsibility, etc C Wilfred Jenks.
260 ## - PUBLICATION, DISTRIBUTION, ETC. (IMPRINT)
Place of publication, distribution, etc London,
Name of publisher, distributor, etc Stevens;
Place of publication, distribution, etc New York,
Name of publisher, distributor, etc Praeger
Date of publication, distribution, etc [1960]
300 ## - PHYSICAL DESCRIPTION
Extent 159 p. ;
Dimensions 23 cm.
500 ## - GENERAL NOTE
General note includes index
650 #0 - SUBJECT ADDED ENTRY--TOPICAL TERM
Topical term or geographic name as entry element Labor laws and legislation, International.
9 (RLIN) 5927
650 #0 - SUBJECT ADDED ENTRY--TOPICAL TERM
Topical term or geographic name as entry element Human rights
9 (RLIN) 259
650 #0 - SUBJECT ADDED ENTRY--TOPICAL TERM
Topical term or geographic name as entry element International Labour Office.
9 (RLIN) 5928
942 ## - ADDED ENTRY ELEMENTS (KOHA)
Source of classification or shelving scheme Dewey Decimal Classification
Koha item type Books
Holdings
Withdrawn status Lost status Source of classification or shelving scheme Damaged status Not for loan Home library Current library Shelving location Date acquired Total Checkouts Full call number Barcode Date last seen Price effective from Koha item type
    Dewey Decimal Classification     Law Development Centre Main Library Law Development Centre Main Library Text Books and Laws 01/06/2012   341.481 3404/2012 01/06/2012 01/06/2012 Books